000
00259nam a2200109Ia 4500
008
240625s9999 xx 000 0 und d
041
_a
eng
082
_a
658.4 KUM
100
_a
KUMAR ANIL
245
_a
CORPORATE GOVERNANCE THEORY AND PRACTICE
260
_c
2012
999
_c
38565
_d
38565